Responses for Show #24 - Thursday, October 11, 1984

Contestants

[<< previous game]

David Ulmer, Jr., an art store assistant manager from Redondo Beach, California

Donna Levin, a writer from New York

Jon Scott, a kindergarten teacher from Los Osos, California (whose 1-day cash winnings total $3,300)

[next game >>]

Jeopardy! Round responses

INVENTORS
SPORTS STADIUMS
1890S
ACTORS & ROLES
FRANCE
FOR THE KIDS
    $100 1
Thomas Alva Edison

Jon
    $100 17
Yankee Stadium

Dave
    $100 11
Robert Redford

Donna
    $100 15
Champagne

Dave
    $100 3
3

Dave
    $200 2
dynamite

Dave
    $200 18
the Los Angeles Coliseum

Jon
    $200 12
Gremlins

Dave
    $200 21
the Seine

Donna
    $200 4
(Alex: Hey-hey-hey, [*], you got it.)

Fat Albert

Jon
    $300 8
Samuel Colt

Jon
    $300 19
the Houston Astrodome

Jon
    $300 13
Michael Caine

Jon
    $300 22
(Donna: What is prime minister?)
[ERRATUM: "Mitterrand" was misspelled in the clue as shown.]

president (of France)

JonDonna
    $300 5
Sesame Street

Donna
    $400 9
(Jon: Who was Charles Yule?)
(Dave: Who is... Goodrich?)
(Donna: [Without ringing in] Not a chance.)

Charles Goodyear

JonDave
Triple Stumper
    $400 20
(Alex: Less than a minute to go in the round. David?)
(Dave: Where is Fenway Park?)

Wrigley Field

DonnaDave
    $400 14
Richard Dreyfuss

Donna
    $400 23
the Sorbonne

Donna
    $400 6
(Jon: Who are, uh, Janet & Mark--um--um...)
(Alex: Oh, you took too long. You buzzed in without knowing the question.)

Dick & Jane

JonDave
    $500 10
(Dave: Ayyy, who is Fahrenheit?)

Galileo

JonDave
    $500 16
(Louise) Fletcher

Dave
    $500 24
(Jon: What... is... ohh...)
...
[The end-of-round signal sounds.]

Marseille

JonDonna
    $500 7
Puss in Boots

Jon

Scores at the first commercial break (after clue 7):

Jon Donna Dave
$400 $300 $700

Scores at the end of the Jeopardy! Round:

Jon Donna Dave
$1,400 $2,000 $300

Double Jeopardy! Round responses

HISTORY
FAMOUS PAIRS
ART
4-LETTER WORDS
ADMIRALS
TRAVEL U.S.A.
    $200 14
(Jon: What is, uh, the United States?)

Australia

JonDonna
    $200 1
the Odd Couple

Donna
    $200 2
a palette

Dave
    $200 9
fore

Donna
    $200 15
(Dave: Um, what is Moscone Center?)

the cable cars

DonnaDave
    $400 19
Moscow

Dave
    $400 3
arts & crafts

Donna
    $400 4
(Alex: You're right, and you know, something interesting is happening, you're getting all of the categories she selects, and Donna's getting all of the categories you select. And we aren't hearing from Jon at all.)

The Blue Boy

Dave
    $400 6
Help!

Dave
    $400 16
the Brown Derby

Jon
    $600 11
the Captain & Tennille

Dave
    $600 10
France

Donna
    $600 5
gold

Donna
    $600 17
(Jon: Who is, uh, Jefferson... um...)
(Alex: Sorry. We've got less than a minute to go in the round. That'll cost you.)

Robert E. Lee, Jefferson Davis or Stonewall Jackson

Jon
Triple Stumper
    $1,900 12
(Dave: What is the procession march?)

"Pomp And Circumstance"

Dave
    $800 7
the cart

Jon
    $800 18
(Dave: Where is Concord?)
(Jon: Where is Boston?)

Lexington

JonDonnaDave
    $1000 13
Nicholas & Alexandria

Jon
    $1000 20
J. M. W. Turner

Triple Stumper
    $1,200 8
(Jon: Uh, the right of assembly?)
(Alex: I'm sorry. That is wrong. You should've remembered the category...)

life

Jon
    $1000 21
[The end-of-round signal sounds.]

the Black Hills

Jon

Scores at the end of the Double Jeopardy! Round:

Jon Donna Dave
$1,800 $5,200 -$600
(lock game)

[wagering suggestions for these scores]

Final Jeopardy! Round responses

THE SUPREME COURT
(Alex: Oh, Jon, you're a patriot! I love you!)
JonWho was Thurgood Marshall?
$1,776
DonnaWho is Thurgood Marshall?
$800
Thurgood Marshall

Final scores:

Jon Donna Dave
$3,576 $6,000 -$600
2nd place: Armstrong bedroom furniture + 2 Vitamaster Slender Cycles with book racks New champion: $6,000 3rd place: LouverDrape vertical blinds

Game dynamics:

Coryat scores:

Jon Donna Dave
$3,000 $5,200 $1,300
13 R,
7 W
(including 1 DD)
15 R,
1 W
12 R
(including 1 DD),
6 W
(including 1 DD)

Combined Coryat: $9,500

[game clues] [game scores] [suggest correction]

Game tape date: 1984-08-21
The J! Archive is created by fans, for fans. Scraping, republication, monetization, and malicious use prohibited; this site may use cookies and collect identifying information. See terms. The Jeopardy! game show and all elements thereof, including but not limited to copyright and trademark thereto, are the property of Jeopardy Productions, Inc. and are protected under law. This website is not affiliated with, sponsored by, or operated by Jeopardy Productions, Inc. Join the discussion at JBoard.tv.